Every drop makes an Ocean : breaking sales records year after year

Bibliographic Details
Main Author: Goh Bock Seng
Format: Book
Published: Singapore : Heinemann Asia , 1996
Subjects:

MARC

LEADER 00000cam a2200000 7i4500
001 0000007825
002 000008396
005 20000330.0
020 |a 9971644630 
090 0 0 |a 368   |b GOH 
100 0 |a Goh Bock Seng 
245 1 0 |a Every drop makes an Ocean :   |b breaking sales records year after year   |c Goh Bock Seng 
260 |a Singapore :   |b Heinemann Asia ,   |c 1996 
300 |a 112p. ;   |c 12cm. 
650 0 0 |a Insurance 
650 0 0 |a Risk (insurance) 
999 |a 048958   |b BUKU   |c PINJAMAN   |e PERPUSTAKAAN KOMUNITI PETALING JAYA 
999 |a 052932   |b BUKU   |c PINJAMAN   |e PERPUSTAKAAN KOMUNITI PETALING JAYA 
999 |a 052933   |b BUKU   |c PINJAMAN   |e PERPUSTAKAAN KOMUNITI PETALING JAYA